000 00239nam a22000977a 4500
008 240507b |||||||| |||| 00| 0 eng d
020 _a9789352920907
100 _aNCERT
245 _aEmployability Skills-IX
260 _aNew Delhi
_bNCERT
_c2020
999 _c12590
_d12590